[Event "AUTO-OPEN-4652"]
[Site "http://www.queenalice.com/game.php?id=1873462"]
[Date "2026.5.15"]
[Round "1"]
[White "Slarty_Bartfast"]
[Black "pomar"]
[Result "1-0"]
[WhiteElo "1870"]
[BlackElo "1882"]

1. d4 e6 2. c4 d5 3. Nc3 Bb4 4. Nf3 dxc4 5. Bd2 Bxc3 6. Bxc3 b5 7. b3 cxb3 8.
Qxb3 a6 9. e4 Nf6 10. Bd3 Bb7 11. e5 Ne4 12. Nd2 Nxd2 13. Bxd2 Bd5 14. Qb4 Nc6
15. Qc3 Rc8 16. f3 b4 17. Qc5 a5 18. Bb5 Qe7 19. Bxc6+ Kd8 20. Bxd5 Qxc5 21.
dxc5 exd5 22. O-O Ke7 23. a3 Rb8 24. axb4 axb4 25. Ra6 b3 26. Rb1 Rb5 27. Be3
Kd7 28. f4 Rhb8 29. f5 b2 30. Kf2 Rb3 31. Bd2 Rd3 32. Ke2 Rbb3 33. e6+ fxe6 34.
fxe6+ Ke7 35. Bg5+ Ke8 36. Ra8+ 1-0